[Event "Muensterland Verbandsliga 2526"]
[Site "Germany"]
[Date "2026.02.21"]
[Round "6"]
[Board "7"]
[White "Gerighausen, Karl Heinz"]
[Black "Hofene, Markus"]
[Result "1-0"]
[WhiteElo "1639"]
[BlackElo "1659"]
[WhiteFideId "-1"]
[BlackFideId "-1"]
[PlyCount "139"]
[GameId "2283691479388468"]
[EventDate "2025.??.??"]
[EventType "team-tourn"]
[EventRounds "9"]
[EventCountry "GER"]
[SourceTitle "Verband Muensterland"]
[SourceDate "2025.11.13"]
[SourceVersion "1"]
[SourceVersionDate "2025.11.13"]
[SourceQuality "1"]
[WhiteTeam "Emsdetten Rochade II"]
[BlackTeam "Beelen"]
[WhiteTeamCountry "GER"]
[BlackTeamCountry "GER"]

1. d4 Nf6 2. Nf3 e6 3. g3 c5 4. Bg2 Nc6 5. O-O cxd4 6. Nxd4 Bc5 7. Nb3 Be7 8. c4 O-O 9. Nc3 d6 10. Qc2 a6 11. Rd1 Nb4 12. Qb1 Qc7 13. Nd2 Bd7 14. a3 Nc6 15. b3 Rac8 16. Ra2 Na5 17. Nde4 h6 18. Bf4 e5 19. Nxf6+ Bxf6 20. Nd5 Qd8 21. Be3 Nc6 22. Bb6 Qe8 23. Nxf6+ gxf6 24. Rxd6 Be6 25. Rd1 Ne7 26. Be3 Nf5 27. Bc1 b5 28. Be4 Nd4 29. Bxh6 bxc4 30. bxc4 Bxc4 31. Bd3 Bxa2 32. Qxa2 Qa4 33. Rb1 f5 34. Bxf8 Kxf8 35. Qd5 e4 36. Qd6+ Kg8 37. Qxa6 Qxa6 38. Bxa6 Rc3 39. a4 Ra3 40. Bb5 Ra2 41. Kf1 Kg7 42. Rd1 Nc2 43. Rb1 Kf6 44. Bc4 Ra3 45. Bb3 Nd4 46. Bd1 Ke5 47. Ke1 Ra2 48. e3 Nf3+ 49. Bxf3 exf3 50. a5 Re2+ 51. Kf1 Ra2 52. Kg1 Rxa5 53. h4 Ra4 54. Rb2 Ra1+ 55. Kh2 Ra4 56. Kh3 Kf6 57. Rd2 Ra1 58. Kh2 Rf1 59. Ra2 Kg7 60. g4 fxg4 61. Kg3 Rg1+ 62. Kf4 Rg2 63. e4 Kg6 64. Ra6+ f6 65. e5 Kf7 66. Rxf6+ Kg7 67. Rf5 g3 68. Rg5+ Kf7 69. Rxg3 Rxg3 70. Kxg3 1-0

[Event "Muensterland Verbandsliga 2526"]
[Site "Germany"]
[Date "2026.02.21"]
[Round "6"]
[Board "8"]
[White "Ruhe, Johannes"]
[Black "Schmidt, Frank"]
[Result "1/2-1/2"]
[WhiteElo "1810"]
[BlackElo "1595"]
[WhiteFideId "-1"]
[BlackFideId "-1"]
[PlyCount "50"]
[GameId "2283691479388470"]
[EventDate "2025.??.??"]
[EventType "team-tourn"]
[EventRounds "9"]
[EventCountry "GER"]
[SourceTitle "Verband Muensterland"]
[SourceDate "2025.11.13"]
[SourceVersion "1"]
[SourceVersionDate "2025.11.13"]
[SourceQuality "1"]
[WhiteTeam "Beelen"]
[BlackTeam "Emsdetten Rochade II"]
[WhiteTeamCountry "GER"]
[BlackTeamCountry "GER"]

1. e4 c5 2. Nf3 Nc6 3. d4 cxd4 4. Nxd4 d6 5. Nc3 g6 6. Bc4 Bg7 7. Be3 Nf6 8. f3 Bd7 9. Qd2 Nxd4 10. Bxd4 a6 11. g4 Bc6 12. O-O-O Rc8 13. Bb3 Qa5 14. Kb1 b5 15. Qe3 Qc7 16. h4 e5 17. Bb6 Qb8 18. h5 Nd7 19. Ba7 Qc7 20. hxg6 fxg6 21. Qf2 h6 22. Nd5 Bxd5 23. Rxd5 Nc5 24. Bxc5 dxc5 25. c3 c4 1/2-1/2

[Event "Muensterland Verbandsliga 2526"]
[Site "Germany"]
[Date "2026.02.21"]
[Round "6"]
[Board "1"]
[White "Brands, Julian"]
[Black "Gruenstaeudl, Wolfgang"]
[Result "0-1"]
[WhiteElo "1832"]
[BlackElo "2152"]
[WhiteFideId "-1"]
[BlackFideId "-1"]
[PlyCount "50"]
[GameId "2280287372374640"]
[EventDate "2025.??.??"]
[EventType "team-tourn"]
[EventRounds "9"]
[EventCountry "GER"]
[SourceTitle "Verband Muensterland"]
[SourceDate "2025.11.13"]
[SourceVersion "1"]
[SourceVersionDate "2025.11.13"]
[SourceQuality "1"]
[WhiteTeam "Gescher"]
[BlackTeam "Muenster Indische Dame"]
[WhiteTeamCountry "GER"]
[BlackTeamCountry "GER"]

1. Nf3 Nc6 2. d4 d5 3. e3 Bg4 4. c4 e5 5. Qb3 Bxf3 6. gxf3 Bb4+ 7. Bd2 Bxd2+ 8. Nxd2 exd4 9. cxd5 dxe3 10. fxe3 Qh4+ 11. Kd1 Nce7 12. Qxb7 Rd8 13. Bb5+ Kf8 14. e4 Qf4 15. Rc1 c6 16. Bxc6 h5 17. Qxa7 Rh6 18. Bb5 Rhd6 19. Bc4 Nf6 20. Kc2 Nc6 21. Qc5 Ne5 22. Kb1 Qxd2 23. Rhf1 Kg8 24. f4 Nxe4 25. Qa7 Nxc4 0-1

[Event "Muensterland Verbandsliga 2526"]
[Site "Germany"]
[Date "2026.02.21"]
[Round "6"]
[Board "2"]
[White "Kluczka, Konrad"]
[Black "Lanfer, Stefan"]
[Result "1/2-1/2"]
[WhiteElo "1809"]
[BlackElo "1767"]
[WhiteFideId "-1"]
[BlackFideId "-1"]
[PlyCount "24"]
[GameId "2280291539960447"]
[EventDate "2025.??.??"]
[EventType "team-tourn"]
[EventRounds "9"]
[EventCountry "GER"]
[SourceTitle "Verband Muensterland"]
[SourceDate "2025.11.13"]
[SourceVersion "1"]
[SourceVersionDate "2025.11.13"]
[SourceQuality "1"]
[WhiteTeam "Muenster Indische Dame"]
[BlackTeam "Gescher"]
[WhiteTeamCountry "GER"]
[BlackTeamCountry "GER"]

1. e4 c6 2. Nf3 d5 3. Nc3 dxe4 4. Ng5 Nf6 5. Bc4 e6 6. Qe2 Be7 7. Ncxe4 Nxe4 8. Nxe4 O-O 9. d3 Nd7 10. c3 Ne5 11. d4 Nxc4 12. Qxc4 Qd5 1/2-1/2

[Event "Muensterland Verbandsliga 2526"]
[Site "Germany"]
[Date "2026.02.21"]
[Round "6"]
[Board "3"]
[White "Iking, Bernhard"]
[Black "Frie, Michael"]
[Result "1-0"]
[WhiteElo "1828"]
[BlackElo "1858"]
[WhiteFideId "-1"]
[BlackFideId "-1"]
[PlyCount "55"]
[GameId "2280290502869627"]
[EventDate "2025.??.??"]
[EventType "team-tourn"]
[EventRounds "9"]
[EventCountry "GER"]
[SourceTitle "Verband Muensterland"]
[SourceDate "2025.11.13"]
[SourceVersion "1"]
[SourceVersionDate "2025.11.13"]
[SourceQuality "1"]
[WhiteTeam "Gescher"]
[BlackTeam "Muenster Indische Dame"]
[WhiteTeamCountry "GER"]
[BlackTeamCountry "GER"]

1. d4 Nf6 2. Nf3 g6 3. c4 c5 4. d5 b5 5. cxb5 a6 6. bxa6 Bxa6 7. Nc3 Bg7 8. e4 Bxf1 9. Kxf1 d6 10. g3 O-O 11. a4 Na6 12. h4 Nb4 13. h5 e6 14. hxg6 exd5 15. gxf7+ Rxf7 16. exd5 Ng4 17. Bf4 Rxf4 18. gxf4 Qf6 19. Qe2 Qxf4 20. Qe4 Qxe4 21. Nxe4 Bxb2 22. Rd1 Nf6 23. Rg1+ Kf8 24. Nxd6 Nbxd5 25. Rb1 Bc3 26. Rb7 Ne7 27. Ng5 Ng6 28. Ne6+ 1-0

[Event "Muensterland Verbandsliga 2526"]
[Site "Germany"]
[Date "2026.02.21"]
[Round "6"]
[Board "4"]
[White "Langheinrich, Joern"]
[Black "Hoeing, Ludger"]
[Result "1-0"]
[WhiteElo "1831"]
[BlackElo "1800"]
[WhiteFideId "-1"]
[BlackFideId "-1"]
[PlyCount "85"]
[GameId "2280288567161460"]
[EventDate "2025.??.??"]
[EventType "team-tourn"]
[EventRounds "9"]
[EventCountry "GER"]
[SourceTitle "Verband Muensterland"]
[SourceDate "2025.11.13"]
[SourceVersion "1"]
[SourceVersionDate "2025.11.13"]
[SourceQuality "1"]
[WhiteTeam "Muenster Indische Dame"]
[BlackTeam "Gescher"]
[WhiteTeamCountry "GER"]
[BlackTeamCountry "GER"]

1. e4 c6 2. Nc3 d5 3. Nf3 Bg4 4. h3 Bxf3 5. Qxf3 dxe4 6. Nxe4 e6 7. c3 Nd7 8. d4 Ngf6 9. Bd3 Nxe4 10. Qxe4 Nf6 11. Qe2 Be7 12. O-O O-O 13. Rd1 Qc7 14. Bg5 Nd5 15. Bxe7 Nxe7 16. Qe4 Ng6 17. g3 Rae8 18. f4 f5 19. Qe3 Rf6 20. Bc4 Kh8 21. Rd2 b5 22. Bb3 c5 23. dxc5 e5 24. Rad1 Nf8 25. Rd6 e4 26. Rxf6 gxf6 27. Rd6 Kg7 28. Qd4 Qe7 29. Kf1 a5 30. a3 h5 31. Qd5 Kg6 32. Qg8+ Kh6 33. Bf7 Rc8 34. Qh8+ Nh7 35. Qxc8 Qxf7 36. Qe6 Qg6 37. Kf2 h4 38. g4 fxg4 39. Qxg4 e3+ 40. Kxe3 Qxg4 41. hxg4 Kg7 42. c6 Nf8 43. c7 1-0

[Event "Muensterland Verbandsliga 2526"]
[Site "Germany"]
[Date "2026.02.21"]
[Round "6"]
[Board "5"]
[White "Robers, Frank"]
[Black "Diersen, Joerg"]
[Result "1/2-1/2"]
[WhiteElo "1679"]
[BlackElo "1795"]
[WhiteFideId "-1"]
[BlackFideId "-1"]
[PlyCount "37"]
[GameId "2280294901109387"]
[EventDate "2025.??.??"]
[EventType "team-tourn"]
[EventRounds "9"]
[EventCountry "GER"]
[SourceTitle "Verband Muensterland"]
[SourceDate "2025.11.13"]
[SourceVersion "1"]
[SourceVersionDate "2025.11.13"]
[SourceQuality "1"]
[WhiteTeam "Gescher"]
[BlackTeam "Muenster Indische Dame"]
[WhiteTeamCountry "GER"]
[BlackTeamCountry "GER"]

1. d4 Nf6 2. Nf3 d5 3. e3 e6 4. Bd3 Be7 5. O-O O-O 6. b3 c5 7. Bb2 Nc6 8. Nbd2 b6 9. Ne5 Bb7 10. Nxc6 Bxc6 11. Nf3 Bb7 12. Ne5 Ne4 13. Qe2 f6 14. Nf3 Qe8 15. Nd2 f5 16. f3 Nxd2 17. Qxd2 Bd6 18. Qe2 Qh5 19. f4 1/2-1/2

[Event "Muensterland Verbandsliga 2526"]
[Site "Germany"]
[Date "2026.02.21"]
[Round "6"]
[Board "6"]
[White "Brambrink, Ulf"]
[Black "Priebs, Ludger"]
[Result "1-0"]
[WhiteElo "1790"]
[BlackElo "1749"]
[WhiteFideId "-1"]
[BlackFideId "-1"]
[PlyCount "107"]
[GameId "2280284367696486"]
[EventDate "2025.??.??"]
[EventType "team-tourn"]
[EventRounds "9"]
[EventCountry "GER"]
[SourceTitle "Verband Muensterland"]
[SourceDate "2025.11.13"]
[SourceVersion "1"]
[SourceVersionDate "2025.11.13"]
[SourceQuality "1"]
[WhiteTeam "Muenster Indische Dame"]
[BlackTeam "Gescher"]
[WhiteTeamCountry "GER"]
[BlackTeamCountry "GER"]

1. d4 Nf6 2. Nf3 d5 3. c3 e6 4. Bf4 c5 5. e3 Nc6 6. Ne5 cxd4 7. exd4 a6 8. Bd3 Bd7 9. Nd2 Rc8 10. O-O Be7 11. Re1 h6 12. Ndf3 Na7 13. Qd2 Bb5 14. Bc2 Ne4 15. Bxe4 dxe4 16. Rxe4 Bc6 17. Nxc6 Nxc6 18. Rd1 Qd5 19. Ree1 Qxa2 20. Ra1 Qd5 21. Qe2 Qf5 22. Bg3 O-O 23. h3 Rfd8 24. Be5 Nxe5 25. Nxe5 Bd6 26. Qe4 Qxe4 27. Rxe4 Bxe5 28. Rxe5 Rd6 29. Kf1 Rb6 30. Re2 Rb5 31. Ke1 Rc6 32. Kd1 Rcb6 33. Kc1 Rc6 34. Kc2 Rg5 35. g3 Rh5 36. h4 Rd5 37. Kd3 b5 38. f4 g5 39. Re5 gxh4 40. gxh4 f6 41. Rxd5 exd5 42. Rg1+ Kh7 43. h5 f5 44. Re1 Kg7 45. Re5 Kf6 46. Rxd5 Ke6 47. Re5+ Kf6 48. b3 Rb6 49. d5 a5 50. Kd4 a4 51. Kc5 Rb8 52. Re6+ Kf7 53. bxa4 bxa4 54. Ra6 1-0

[Event "Muensterland Verbandsliga 2526"]
[Site "Germany"]
[Date "2026.02.21"]
[Round "6"]
[Board "7"]
[White "Reichardt, Markus"]
[Black "Glotzbach, Thomas"]
[Result "1/2-1/2"]
[WhiteElo "1688"]
[BlackElo "1757"]
[WhiteFideId "-1"]
[BlackFideId "-1"]
[PlyCount "33"]
[GameId "2280273905270838"]
[EventDate "2025.??.??"]
[EventType "team-tourn"]
[EventRounds "9"]
[EventCountry "GER"]
[SourceTitle "Verband Muensterland"]
[SourceDate "2025.11.13"]
[SourceVersion "1"]
[SourceVersionDate "2025.11.13"]
[SourceQuality "1"]
[WhiteTeam "Gescher"]
[BlackTeam "Muenster Indische Dame"]
[WhiteTeamCountry "GER"]
[BlackTeamCountry "GER"]

1. e4 c6 2. d4 d5 3. Nc3 dxe4 4. Nxe4 Bf5 5. Ng3 Bg6 6. h4 h6 7. Nf3 Nd7 8. Bd3 Bxd3 9. Qxd3 Ngf6 10. c4 e6 11. Bf4 Bb4+ 12. Bd2 Bxd2+ 13. Nxd2 c5 14. O-O cxd4 15. Qxd4 Nb6 16. Qf4 Qb8 17. Qf3 1/2-1/2

[Event "Muensterland Verbandsliga 2526"]
[Site "Germany"]
[Date "2026.02.21"]
[Round "6"]
[Board "8"]
[White "Ennen, Joerg"]
[Black "Schweigert, Carsten"]
[Result "1/2-1/2"]
[WhiteElo "1614"]
[BlackElo "1397"]
[WhiteFideId "-1"]
[BlackFideId "-1"]
[PlyCount "35"]
[GameId "2280293997875846"]
[EventDate "2025.??.??"]
[EventType "team-tourn"]
[EventRounds "9"]
[EventCountry "GER"]
[SourceTitle "Verband Muensterland"]
[SourceDate "2025.11.13"]
[SourceVersion "1"]
[SourceVersionDate "2025.11.13"]
[SourceQuality "1"]
[WhiteTeam "Muenster Indische Dame"]
[BlackTeam "Gescher"]
[WhiteTeamCountry "GER"]
[BlackTeamCountry "GER"]

1. c4 e6 2. Nc3 Nf6 3. g3 d5 4. cxd5 exd5 5. d4 Bb4 6. a3 Bd6 7. Bg2 c6 8. Nf3 h6 9. O-O O-O 10. b4 Nbd7 11. Nd2 a5 12. b5 Nb6 13. a4 Re8 14. Re1 Bf5 15. Qb3 Be6 16. Qc2 Qd7 17. Ba3 Bf5 18. Qb2 1/2-1/2

[Event "Muensterland Verbandsliga 2526"]
[Site "Germany"]
[Date "2026.02.21"]
[Round "6"]
[Board "1"]
[White "Becker, Daniel"]
[Black "Vocke, Stefan"]
[Result "1-0"]
[WhiteElo "1825"]
[BlackElo "1916"]
[WhiteFideId "-1"]
[BlackFideId "-1"]
[PlyCount "91"]
[GameId "2283691535106638"]
[EventDate "2025.??.??"]
[EventType "team-tourn"]
[EventRounds "9"]
[EventCountry "GER"]
[SourceTitle "Verband Muensterland"]
[SourceDate "2025.11.13"]
[SourceVersion "1"]
[SourceVersionDate "2025.11.13"]
[SourceQuality "1"]
[WhiteTeam "Nienberge II"]
[BlackTeam "Ochtrup"]
[WhiteTeamCountry "GER"]
[BlackTeamCountry "GER"]

1. e4 c5 2. d3 Nc6 3. g3 g6 4. Bg2 Bg7 5. f4 d6 6. c3 e6 7. Nf3 Nge7 8. Be3 f5 9. O-O O-O 10. a4 Rb8 11. Qe2 Qc7 12. Bf2 b6 13. Na3 a6 14. Rad1 Bd7 15. Rfe1 h6 16. exf5 gxf5 17. Qc2 d5 18. d4 c4 19. Ra1 b5 20. axb5 axb5 21. Qe2 b4 22. Nc2 bxc3 23. bxc3 Rb3 24. Qe3 Rfb8 25. Nd2 Rb2 26. Rec1 Nc8 27. Ne1 Nd6 28. Rc2 Ne4 29. Nxe4 dxe4 30. Qe2 Rxc2 31. Nxc2 Ne7 32. Ne3 Bb5 33. Bf1 Nd5 34. Be1 Nxe3 35. Qxe3 Qc6 36. Rb1 Ra8 37. Qc1 Ra2 38. Rb2 Qa6 39. Rxa2 Qxa2 40. Qd2 Qb1 41. d5 Kf7 42. dxe6+ Kxe6 43. Bf2 Bc6 44. Qd8 e3 45. Bxe3 Qe4 46. Bxc4+ 1-0

[Event "Muensterland Verbandsliga 2526"]
[Site "Germany"]
[Date "2026.02.21"]
[Round "6"]
[Board "2"]
[White "Moor, Daniel"]
[Black "Bahr, Maximilian"]
[Result "1/2-1/2"]
[WhiteElo "1862"]
[BlackElo "1772"]
[WhiteFideId "-1"]
[BlackFideId "-1"]
[PlyCount "74"]
[GameId "2283691535106640"]
[EventDate "2025.??.??"]
[EventType "team-tourn"]
[EventRounds "9"]
[EventCountry "GER"]
[SourceTitle "Verband Muensterland"]
[SourceDate "2025.11.13"]
[SourceVersion "1"]
[SourceVersionDate "2025.11.13"]
[SourceQuality "1"]
[WhiteTeam "Ochtrup"]
[BlackTeam "Nienberge II"]
[WhiteTeamCountry "GER"]
[BlackTeamCountry "GER"]

1. Nf3 d5 2. d4 Nf6 3. e3 e6 4. Bd3 Nbd7 5. b3 Bd6 6. Bb2 O-O 7. Nbd2 b6 8. Ne5 Bb7 9. O-O Rc8 10. Qf3 c6 11. Qh3 Qc7 12. f4 Rfe8 13. Nxd7 Qxd7 14. g4 g6 15. Qh4 Be7 16. g5 Nh5 17. Be2 Ng7 18. Bg4 Nf5 19. Bxf5 exf5 20. Rf3 h5 21. Rh3 Ba6 22. Qf2 Qe6 23. Nf3 Bf8 24. Ne5 Bg7 25. Rf3 Rc7 26. Rd1 Rec8 27. Qd2 Qe7 28. h4 Bf8 29. Rf2 Re8 30. Rg2 Qe6 31. Kh2 Bd6 32. Qc1 Qe7 33. c4 Bb7 34. Rc2 Rec8 35. c5 Bxe5 36. dxe5 Qe6 37. Bd4 b5 1/2-1/2

[Event "Muensterland Verbandsliga 2526"]
[Site "Germany"]
[Date "2026.02.21"]
[Round "6"]
[Board "3"]
[White "Garrell, Damian"]
[Black "Jacob, Helmut"]
[Result "0-1"]
[WhiteElo "1792"]
[BlackElo "1920"]
[WhiteFideId "-1"]
[BlackFideId "-1"]
[PlyCount "67"]
[GameId "2283691535106642"]
[EventDate "2025.??.??"]
[EventType "team-tourn"]
[EventRounds "9"]
[EventCountry "GER"]
[SourceTitle "Verband Muensterland"]
[SourceDate "2025.11.13"]
[SourceVersion "1"]
[SourceVersionDate "2025.11.13"]
[SourceQuality "1"]
[WhiteTeam "Nienberge II"]
[BlackTeam "Ochtrup"]
[WhiteTeamCountry "GER"]
[BlackTeamCountry "GER"]

1. d4 f5 2. Nf3 Nf6 3. g3 e6 4. Bg2 Be7 5. O-O O-O 6. c4 Ne4 7. Nfd2 Nxd2 8. Bxd2 Qe8 9. Qc2 Nc6 10. d5 Nb4 11. Qa4 Na6 12. dxe6 dxe6 13. Qc2 Nb4 14. Bxb4 Bxb4 15. c5 Qe7 16. Rc1 c6 17. a3 Ba5 18. b4 Bc7 19. a4 a6 20. Nd2 e5 21. b5 axb5 22. axb5 Rxa1 23. Rxa1 cxb5 24. Qb3+ Kh8 25. Qxb5 e4 26. e3 h5 27. Nc4 Rd8 28. Rc1 Qd7 29. Qb4 Qc6 30. Na5 Qa6 31. Nb3 Be5 32. Nd4 Qf6 33. c6 bxc6 34. Nxc6 0-1

[Event "Muensterland Verbandsliga 2526"]
[Site "Germany"]
[Date "2026.02.21"]
[Round "6"]
[Board "4"]
[White "Schwietering, Ralf"]
[Black "Van de Vyle, Jan"]
[Result "1-0"]
[WhiteElo "1774"]
[BlackElo "1792"]
[WhiteFideId "-1"]
[BlackFideId "-1"]
[PlyCount "77"]
[GameId "2283691535106644"]
[EventDate "2025.??.??"]
[EventType "team-tourn"]
[EventRounds "9"]
[EventCountry "GER"]
[SourceTitle "Verband Muensterland"]
[SourceDate "2025.11.13"]
[SourceVersion "1"]
[SourceVersionDate "2025.11.13"]
[SourceQuality "1"]
[WhiteTeam "Ochtrup"]
[BlackTeam "Nienberge II"]
[WhiteTeamCountry "GER"]
[BlackTeamCountry "GER"]

1. e4 e5 2. Nf3 Nc6 3. Bc4 Nf6 4. Ng5 d5 5. exd5 Na5 6. Bb5+ c6 7. dxc6 bxc6 8. Be2 h6 9. Nh3 Bd6 10. d4 e4 11. c4 Qc7 12. Be3 Bxh3 13. gxh3 O-O 14. O-O Bxh2+ 15. Kh1 Bf4 16. Rg1 Bxe3 17. fxe3 Rab8 18. b3 Kh7 19. Qf1 Qe7 20. Qf5+ g6 21. Qxa5 Ng8 22. Qe1 f5 23. Qg3 Qf6 24. Nd2 Rbe8 25. Raf1 Rf7 26. c5 Rg7 27. Nc4 Re6 28. Nd6 Qe7 29. Bc4 Rf6 30. Qe5 Rf8 31. Bxg8+ Kxg8 32. Qxe7 Rxe7 33. Rxg6+ Kh7 34. Rgg1 f4 35. Rxf4 Rxf4 36. exf4 e3 37. Re1 e2 38. Kg2 Re3 39. Nf5 1-0

[Event "Muensterland Verbandsliga 2526"]
[Site "Germany"]
[Date "2026.02.21"]
[Round "6"]
[Board "5"]
[White "Haas, Kai"]
[Black "Schmerling, Janek"]
[Result "1-0"]
[WhiteElo "1900"]
[BlackElo "1732"]
[WhiteFideId "-1"]
[BlackFideId "-1"]
[PlyCount "91"]
[GameId "2283691535106646"]
[EventDate "2025.??.??"]
[EventType "team-tourn"]
[EventRounds "9"]
[EventCountry "GER"]
[SourceTitle "Verband Muensterland"]
[SourceDate "2025.11.13"]
[SourceVersion "1"]
[SourceVersionDate "2025.11.13"]
[SourceQuality "1"]
[WhiteTeam "Nienberge II"]
[BlackTeam "Ochtrup"]
[WhiteTeamCountry "GER"]
[BlackTeamCountry "GER"]

1. d3 d5 2. e4 dxe4 3. Nc3 Nf6 4. Bg5 exd3 5. Bxd3 g6 6. Qe2 Bg7 7. O-O-O Nbd7 8. h4 c6 9. Nf3 Qc7 10. h5 Nc5 11. hxg6 Nxd3+ 12. Rxd3 hxg6 13. Re1 e6 14. Ne5 Nd5 15. Nxd5 cxd5 16. Bf4 Bh6 17. Rf3 Bxf4+ 18. Rxf4 Rf8 19. Qf3 Qe7 20. Ng4 Kd8 21. Nf6 Bd7 22. Nh7 f5 23. Nxf8 Qxf8 24. Rh4 Qf6 25. Qh3 Rc8 26. Rh8+ Kc7 27. Rxc8+ Bxc8 28. Qe3 b6 29. f4 Bd7 30. Rh1 Qg7 31. Qe5+ Qxe5 32. fxe5 g5 33. g4 fxg4 34. Rg1 Kc6 35. Rxg4 a5 36. Kd2 b5 37. a3 a4 38. Kc3 Kc5 39. b4+ Kc6 40. Kd4 Be8 41. Rxg5 Bd7 42. Rg8 Kb6 43. Rg7 Bc8 44. Rg8 Bd7 45. Rd8 Kc7 46. Rxd7+ 1-0

[Event "Muensterland Verbandsliga 2526"]
[Site "Germany"]
[Date "2026.02.21"]
[Round "6"]
[Board "6"]
[White "Holtmannspoetter, Thomas"]
[Black "Nguyen, Alexander"]
[Result "1/2-1/2"]
[WhiteElo "1738"]
[BlackElo "1629"]
[WhiteFideId "-1"]
[BlackFideId "-1"]
[PlyCount "43"]
[GameId "2283691535106648"]
[EventDate "2025.??.??"]
[EventType "team-tourn"]
[EventRounds "9"]
[EventCountry "GER"]
[SourceTitle "Verband Muensterland"]
[SourceDate "2025.11.13"]
[SourceVersion "1"]
[SourceVersionDate "2025.11.13"]
[SourceQuality "1"]
[WhiteTeam "Ochtrup"]
[BlackTeam "Nienberge II"]
[WhiteTeamCountry "GER"]
[BlackTeamCountry "GER"]

1. e4 e6 2. d4 d5 3. Nd2 c5 4. c3 cxd4 5. cxd4 dxe4 6. Nxe4 Nc6 7. Nf3 Nf6 8. Nxf6+ Qxf6 9. Bb5 Bb4+ 10. Bd2 Bxd2+ 11. Qxd2 Bd7 12. O-O O-O 13. Rac1 Qe7 14. Rc3 Rfd8 15. Bd3 Rac8 16. Rfc1 h6 17. a3 Qd6 18. Be4 f5 19. Bb1 Ne7 20. Rxc8 Rxc8 21. Rxc8+ Bxc8 22. Ba2 1/2-1/2

[Event "Muensterland Verbandsliga 2526"]
[Site "Germany"]
[Date "2026.02.21"]
[Round "6"]
[Board "7"]
[White "Hirschmueller, Bennet"]
[Black "Kaiser, Guenter1"]
[Result "1-0"]
[WhiteElo "1715"]
[BlackElo "1584"]
[WhiteFideId "-1"]
[BlackFideId "-1"]
[PlyCount "29"]
[GameId "2283691535106650"]
[EventDate "2025.??.??"]
[EventType "team-tourn"]
[EventRounds "9"]
[EventCountry "GER"]
[SourceTitle "Verband Muensterland"]
[SourceDate "2025.11.13"]
[SourceVersion "1"]
[SourceVersionDate "2025.11.13"]
[SourceQuality "1"]
[WhiteTeam "Nienberge II"]
[BlackTeam "Ochtrup"]
[WhiteTeamCountry "GER"]
[BlackTeamCountry "GER"]

1. e4 c5 2. Nc3 Nc6 3. Nf3 d6 4. d4 cxd4 5. Nxd4 Nf6 6. f3 e6 7. Be3 Be7 8. Qd2 a6 9. O-O-O Qc7 10. g4 h5 11. g5 Nd7 12. f4 g6 13. Bh3 Nb6 14. Nxc6 Nc4 15. Qd4 1-0

[Event "Muensterland Verbandsliga 2526"]
[Site "Germany"]
[Date "2026.02.21"]
[Round "6"]
[Board "8"]
[White "Fremann, Rainer"]
[Black "Everke, Enrique"]
[Result "0-1"]
[WhiteElo "1315"]
[BlackElo "1614"]
[WhiteFideId "-1"]
[BlackFideId "-1"]
[PlyCount "81"]
[GameId "2283691535106652"]
[EventDate "2025.??.??"]
[EventType "team-tourn"]
[EventRounds "9"]
[EventCountry "GER"]
[SourceTitle "Verband Muensterland"]
[SourceDate "2025.11.13"]
[SourceVersion "1"]
[SourceVersionDate "2025.11.13"]
[SourceQuality "1"]
[WhiteTeam "Ochtrup"]
[BlackTeam "Nienberge II"]
[WhiteTeamCountry "GER"]
[BlackTeamCountry "GER"]

1. e4 c5 2. Nc3 e6 3. Nf3 a6 4. d4 cxd4 5. Nxd4 b5 6. g3 Bb7 7. Bg2 b4 8. Nce2 Nf6 9. Qd3 d6 10. O-O Nbd7 11. Bg5 Be7 12. Bxf6 Bxf6 13. c3 Nc5 14. Qc2 a5 15. Rad1 Qb6 16. Rfe1 O-O 17. Nb3 Nd7 18. h4 Rfc8 19. Rd2 e5 20. Red1 Be7 21. Bf3 Nf6 22. Kg2 a4 23. Nbc1 Rc4 24. b3 axb3 25. axb3 Rc5 26. c4 Ra3 27. Ng1 Rca5 28. Nh3 h6 29. Kh2 Qc6 30. Re1 Nd7 31. Bg2 Nc5 32. f3 Ne6 33. Bf1 Nd4 34. Qd3 Ra1 35. Red1 f5 36. Bg2 fxe4 37. fxe4 R5a3 38. Nf2 Rxc1 39. Rxc1 Nxb3 40. Rb1 Nxd2 41. Qxa3 0-1

[Event "Muensterland Verbandsliga 2526"]
[Site "Germany"]
[Date "2026.02.21"]
[Round "6"]
[Board "1"]
[White "Eiersbrock, Robin"]
[Black "Jansen, Dirk"]
[Result "1/2-1/2"]
[WhiteElo "2052"]
[BlackElo "1990"]
[WhiteFideId "-1"]
[BlackFideId "-1"]
[PlyCount "93"]
[GameId "2283696775607969"]
[EventDate "2025.??.??"]
[EventType "team-tourn"]
[EventRounds "9"]
[EventCountry "GER"]
[SourceTitle "Verband Muensterland"]
[SourceDate "2025.11.13"]
[SourceVersion "1"]
[SourceVersionDate "2025.11.13"]
[SourceQuality "1"]
[WhiteTeam "Duelmen"]
[BlackTeam "Muenster SK IV"]
[WhiteTeamCountry "GER"]
[BlackTeamCountry "GER"]

1. Nf3 d5 2. g3 c5 3. Bg2 Nc6 4. d4 e6 5. O-O Nf6 6. b3 cxd4 7. Nxd4 Bc5 8. Bb2 Qb6 9. e3 O-O 10. Nc3 Bxd4 11. Na4 Bxb2 12. Nxb6 axb6 13. Rb1 Rxa2 14. c4 Ba3 15. cxd5 Nxd5 16. Bxd5 exd5 17. b4 Bf5 18. Qxd5 Bxb1 19. Rxb1 Rb2 20. Rxb2 Bxb2 21. b5 Na5 22. Qd6 Bf6 23. Qxb6 Bd8 24. Qd4 b6 25. Qd5 Be7 26. Kg2 Rd8 27. Qe5 Bc5 28. Qg5 Re8 29. Qd5 g6 30. h4 h5 31. e4 Re7 32. f4 Nb7 33. f5 Nd6 34. fxg6 Rxe4 35. gxf7+ Kf8 36. Qxh5 Re7 37. Qg6 Rxf7 38. h5 Rg7 39. Qf6+ Rf7 40. Qd8+ Kg7 41. Qg5+ Kh8 42. Qe5+ Kh7 43. g4 Rf2+ 44. Kg3 Nf7 45. Qe6 Rf3+ 46. Kg2 Rf2+ 47. Kg3 1/2-1/2